Game Theory in International Relations

Stručná história herno-teoretického výskumu v IR. Analýza konkrétnych výziev, ktorým teória hier v IR čelí. Kritérium racionality a operacionalizáciu pojmov, ako sú preferencie.

Salvato in:
Dettagli Bibliografici
Autore principale: Karas, Martin, 1991-
Natura: Capitolo di libro
Lingua:inglese
Soggetti:
Tags: Aggiungi Tag
Nessun Tag, puoi essere il primo ad aggiungerne!!

MARC

LEADER 00000naa$a2200000$$$4500
001 0295439
005 20240502083950.2
041 0 |a eng 
044 |a UA 
245 1 0 |a Game Theory in International Relations  |c Martin Karas 
520 |a Stručná história herno-teoretického výskumu v IR. Analýza konkrétnych výziev, ktorým teória hier v IR čelí. Kritérium racionality a operacionalizáciu pojmov, ako sú preferencie. 
610 2 0 |a teória hier 
610 2 0 |a vzťahy medzinárodné 
610 2 0 |a rozhodovanie 
100 1 |a Karas, Martin, 1991-